00450nam a2200133Ia 4500008004100000100001800041245010000059245001800159260003900177260000900216650001800225650001500243856005800258170221s9999 xx 000 0 und d aEphraim Okoro aMass Communication and Sustainable Political Development in Africa: A Review of the Literature  cEphraim Okoro bStudies in Media and Communication c2016 xCommunication xMedia Arts uhttp://redfame.com/journal/index.php/smc/issue/view/9